Ile wiesz z serii Zwiadowcy - Statystyki

Ogólne statystyki
  • Ten quiz został rozwiązany 123 razy
  • Średni wynik to 9 z 17
Statystyki odpowiedzi
pytanie twoja odpowiedź % Poprawnych
dowódca korpusu zwiadowców, przyjaciel Halta Crowley
94%
zamek gdzie władcą był Morgarath Gorlan
83%
skryba, przyjaciel z sierocińca Willa George
71%
żona Halta lady Pauline
70%
kraina na południe od Araluenu, z dużą częścią ludności pracującą jako górnicy Celtia
60%
lenno w którym Keren próbował przejąć władzę Norgate
60%
stwory należące do Morgaratha, posłał je za Haltem by złapać go w pułapkę kalkary
57%
przydomek Horace'a, posługiwał się nim w Galii rycerz dębowego liścia
52%
lenno należące do Willa, dostał je w 5 tomie cyklu Seacliff
51%
oberjarl skandyjski, poległ w bitwie pod Hallasholm Ragnak
49%
imię arydzkiego wakira, który wyruszył na wyprawę po Eraka Seley 'elethen
46%
brat Halta, tytułowany królem Clonmelu Ferris
40%
dowódca skandyjskiej załogi, która brała udział w oblężeniu Macindaw Gundar
35%
wyspa na której Skandianie z Willem i Evanlyn przezimowali Skorghijl
33%
zdrajca, który miał przywieźć Temużeinów na okrętach do Hallasholm Slagor
29%
bedulin z którym Will ścigał się o konia Hasssan
19%
generał skottyjski, współpracownik Kerena, chciał przejąć Macindaw MacHaddish
19%
Nie znaleziono quizów pasujących do podanych kryteriów
Rozkład punktacji
Procent ludzi z każdym wynikiem
Percentyl według liczby udzielonych odpowiedzi
Twoja historia wyników
Nie rozwiązałeś tego quizu